Capital markets in India (Record no. 2668)

MARC details
000 -LEADER
fixed length control field 00530 a2200181 4500
001 - CONTROL NUMBER
control field 069058
003 - CONTROL NUMBER IDENTIFIER
control field OSt
005 - DATE AND TIME OF LATEST TRANSACTION
control field 20220402114013.0
008 - FIXED-LENGTH DATA ELEMENTS--GENERAL INFORMATION
fixed length control field
082 ## - DEWEY DECIMAL CLASSIFICATION NUMBER
Classification number 332.004150954
Item number C17C
100 1# - MAIN ENTRY--PERSONAL NAME
Personal name Chakrabarti, Rajesh
245 1# - TITLE STATEMENT
Title Capital markets in India
Statement of responsibility, etc by Rajesh Chakrabarti and Sankar De
260 ## - PUBLICATION, DISTRIBUTION, ETC. (IMPRINT)
Place of publication, distribution, etc New Delhi
Name of publisher, distributor, etc Sage Publications
Date of publication, distribution, etc 2010
300 ## - PHYSICAL DESCRIPTION
Extent 392p.
653 ## - INDEX TERM--UNCONTROLLED
Uncontrolled term Securities industry; India; Asset management accounts; Capital market
700 ## - ADDED ENTRY--PERSONAL NAME
Personal name De, Sankar
942 ## - ADDED ENTRY ELEMENTS (KOHA)
Source of classification or shelving scheme Dewey Decimal Classification
Koha item type Books
Holdings
Withdrawn status Lost status Source of classification or shelving scheme Damaged status Not for loan Collection code Home library Current library Date acquired Source of acquisition Cost, normal purchase price Total Checkouts Full call number Barcode Date last seen Price effective from Koha item type
    Dewey Decimal Classification     General Text Book Central University Of Rajasthan Central University Of Rajasthan 07/03/2012 MGM 450.00   332.004150954 C17C 3345 21/11/2024 02/09/2020 Books